000 00403nam a2200145Ia 4500
008 100122s9999 xx 000 0 und d
082 _b13299
_a300
100 _aरानडे स अ
245 _aतेजी मंदी
260 _bउद्यम प्रकाशन
_c1965
300 _a48
630 _aतेजी मंदी
730 _aतेजी मंदी
942 _cBOOK
999 _c404129
_d404126